000 00566nam a2200205 a 4500
001 13214
003 CO-ViMGA
008 141112s2004 ck r 000 u spa d
020 _a9687277110
040 _aCO-ViMGA
_bspa
_cCO-ViMGA
082 0 4 _a176 C816j
100 1 _aCuauhtemoc Sanchez, Carlos
_919376
245 1 0 _aJuventud en extasis
250 _a187.p.
260 _aMexico :
_bEdiciones Selectas Diamante,
_cS.A. de C.V.,
_c1994
650 1 4 _aCORTEJO AMOROSO
_919377
650 1 4 _aeducación SEXUAL PARA JOVENES
_919378
650 1 4 _aSEXO
942 _2ddc
_cBK
999 _c11437
_d11437